Language Quiz

Random Language or Letter Quiz

4-Letter Word by Pattern Quiz Stats

Quiz Updated Sep 1, 2015

Challenge
Share
Tweet
Embed
Score 0/28 Timer 04:00
0 Plays Today
Pattern Word % Correct
Z _ _ MZOOM
96%
M _ J _MOJO
94.8%
_ C N _ACNE
91%
_ X _ TEXIT
90.9%
A Q _ _AQUA
89.5%
_ X L _AXLE
86.5%
_ V _ DAVID
85%
V _ _ BVERB
81.9%
H _ _ XHOAX
79.7%
_ N V _ENVY
79%
_ G R _OGRE
77.9%
_ C I _ACID
77.1%
_ _ B TDEBT
76.6%
_ _ G NSIGN
75.6%
Pattern Word % Correct
_ _ L BBULB
74.3%
Z _ S _ZEST
74.1%
_ K _ MSKIM
74.1%
_ N F _INFO
72.4%
H _ _ BHERB
71.5%
Z _ _ YZANY
70.9%
_ J A _AJAR
69.5%
_ C _ BSCAB
65.9%
A _ _ XAPEX
64.3%
B _ _ ZBUZZ
60.9%
U _ L _UGLY
60.3%
T _ _ BTOMB
50.9%
U _ _ DUSED
49.7%
_ I _ WVIEW
47.8%

You're not logged in!

Compare scores with friends on all Sporcle quizzes.
Join for Free
OR
Log In

You Might Also Like...

Show Comments

Extras

Top Quizzes Today


Score Distribution

Your Account Isn't Verified!

In order to create a playlist on Sporcle, you need to verify the email address you used during registration. Go to your Sporcle Settings to finish the process.

Report this User

Report this user for behavior that violates our Community Guidelines.

Details: